Datum a čas kvízu

37 Celkem bodů Celkový počet nahraných bodů na tomto kvízu bez doplňovacích otázek.
2. Pořadí na kvízu Konečné umístění týmu na tomto kvízu.

Zaznamenané odpovědi

# Otázka Odpověď Body Výsledky
1. Zástupci organizace Liga Libe... v roušce 0
2. V pondělí oslavil své 85. naro... dalajláma 1
3. Turecký prezident Recep Erdoğa... chrám Boží Moudrosti (Hagia Sofia) 1
4. V pátek v San Francisku proběh... Jevgenij Nikulin 1
5. Stáj Renault minulý týden ohlá... Fernando Alonso 1
6. Různé návykové látky jsou užív... pelyněk (pravý) 1
7. Užívání tabákových výrobků je... polevím z vysokejch otáček 1
8. Vhodné kultivary konopí jsou p... pazdeří 0
9. Opium se získává z nezralých m... latex 0
10. Kokain byl poprvé izolován v r... Medellín 1